| 000 | 00602nam a2200193Ia 4500 | ||
|---|---|---|---|
| 003 | IN-BaIIA | ||
| 008 | 211028s9999 xx 000 0 eng d | ||
| 020 | _a85274-234-7 | ||
| 040 | _cIIA Library | ||
| 080 |
_a524.5 _bWIC |
||
| 100 |
_aWickramasinghe, N. C. _95397 |
||
| 245 | 0 |
_aLight scattering functions for small particles _bwith applications in astronomy _cN. C. Wickramasinghe |
|
| 260 |
_aLondon _bAdam Hilger _c1973 |
||
| 300 | _a506p. | ||
| 650 | _aAstronomy and astrophysics thesaurus | ||
| 650 |
_aElementary particle scattering _97821 |
||
| 650 |
_aInterstellar matter _91189 |
||
| 942 | _cBK | ||
| 999 |
_c4481 _d4481 |
||